Exercices structuraux; automatismes lexicaux et grammaticaux de "langue et civilisation francaises" /
Guardado en:
| Autor Principal: | |
|---|---|
| Formato: | Libro |
| Publicado: |
Argentina :
Hachette,
1972
|
| Materias: | |
| Etiquetas: |
Agregar Etiqueta
Sin Etiquetas, Sea el primero en etiquetar este registro!
|
| LEADER | 00677nam a22001935a 4500 | ||
|---|---|---|---|
| 001 | CEM.cems003790 | ||
| 005 | 19000101000000.0 | ||
| 008 | 130507s1972##################000#0#####d | ||
| 003 | CEMS | ||
| 082 | 0 | 4 | |a 448.64 |
| 100 | 1 | |a Lefevre, F. | |
| 245 | 1 | 0 | |a Exercices structuraux; automatismes lexicaux et grammaticaux de "langue et civilisation francaises" / |
| 260 | |a Argentina : |b Hachette, |c 1972 | ||
| 300 | |a 170 p. | ||
| 653 | |a Frances | ||
| 653 | |a Frances-actividades | ||
| 859 | |a CEMS |b BIB. CEMS - 11 de abril |h 448.64 |i L521 |p 12668.83 |t Ej.1 | ||
| 859 | |a CEMS |b BIB. CEMS - 11 de abril |h 448.64 |i L521 |p 12669.83 |t Ej.2 | ||
| 859 | |a CEMS |b BIB. CEMS - 11 de abril |h 448.64 |i L521 |p 12670.83 |t Ej.3 | ||
